UBT Library

International entrepreneurship : (Record no. 1060)

000 -LEADER
fixed length control field 00622nam a22002057a 4500
008 - FIXED-LENGTH DATA ELEMENTS--GENERAL INFORMATION
fixed length control field 150617b xxu||||| |||| 00| 0 eng d
020 ## - INTERNATIONAL STANDARD BOOK NUMBER
International Standard Book Number 9781452217390
041 0# - LANGUAGE CODE
Language code of text/sound track or separate title eng
080 ## - UNIVERSAL DECIMAL CLASSIFICATION NUMBER
Universal Decimal Classification number 658
100 1# - Rafti
Rafti Hisrich, Robert D.
245 10 - TITLE STATEMENT
Title International entrepreneurship :
Statement of responsibility, etc Robert D. Hisrich.
250 ## -
-- 2nd ed.
260 ## -
-- Thousand Oaks, CA :
-- SAGE Publications,
-- 2013.
300 ## -
-- 519 f. :
-- me il.;
-- 23 cm.
500 ## -
-- Preface: f.xi
505 ## -
-- Index: f.509-518
650 #0 -
-- Ndërmarrësi
650 #0 -
-- Biznesi ndërkombëtarë
942 ## - ADDED ENTRY ELEMENTS (KOHA)
Source of classification or shelving scheme
Item type Books
Holdings
Withdrawn status Lost status Source of classification or shelving scheme Damaged status Not for loan Collection code Permanent location Current location Shelving location Date acquired Total Checkouts Full call number Date last seen Price effective from Koha item type
          Koleksioni i përgjithshem UBT - Prishtine UBT - Prishtine Koleksioni i përgjithshem 06/17/2015   658 HIS 06/17/2015 06/17/2015 Books
UBT Library © 2015-2024. All rights reserved University Education for Business and Technology